[Event "RSA-chT U16"]
[Site "Cape Town"]
[Date "2016.01.04"]
[Round "1.8"]
[White "Booysen, Antonio"]
[Black "Van der Lingen, Waldi"]
[Result "1-0"]
[WhiteElo "1539"]
[BlackElo "1364"]
[PlyCount "97"]
[EventDate "2016.01.04"]
[EventType "team-tourn"]
[EventRounds "7"]
[EventCountry "RSA"]
[SourceTitle "CBM 170 Extra"]
[Source "ChessBase"]
[SourceDate "2016.02.25"]
[SourceVersion "1"]
[SourceVersionDate "2016.02.25"]
[SourceQuality "1"]
[WhiteTeam "Tshwane"]
[BlackTeam "Johannesburg Metro"]
[WhiteTeamCountry "RSA"]
[BlackTeamCountry "RSA"]

1. e4 c5 2. Nf3 e6 3. Nc3 Nc6 4. Bc4 Qc7 5. d3 a6 6. a4 Nf6 7. 0-0 Be7 8. Re1 0-0 9. Bg5 b6 10. h3 Bb7 11. Bh4 Nb4 12. e5 Qd8 13. exf6 Bxf6 14. Bxf6 Qxf6 15. Bb3 Rac8 16. Qe2 d5 17. Nd1 Rfd8 18. c3 Nc6 19. Ne3 Qe7 20. Nxd5 exd5 21. Qxe7 Nxe7 22. Rxe7 Bc6 23. Ne5 Be8 24. Rb7 Rb8 25. Rxb8 Rxb8 26. Bxd5 Kf8 27. Bxf7 Rb7 28. Bxe8 Kxe8 29. Re1 Re7 30. Nf3 Rxe1+ 31. Nxe1 Ke7 32. Nc2 Kd6 33. b4 Kd5 34. bxc5 bxc5 35. Kf1 a5 36. Ne3+ Ke6 37. Nc4 Kd5 38. Nxa5 g6 39. Nc4 h6 40. a5 g5 41. a6 Kc6 42. d4 Kc7 43. d5 h5 44. d6+ Kc8 45. Nb6+ Kb8 46. d7 Kc7 47. a7 g4 48. a8Q gxh3 49. d8Q# 1-0